000 00622nam a2200205 a 4500
005 20241029063708.0
008 991125s19732001bue 000 0 spa u
020 _a9505180446
035 _aUPN01000019788
049 _aCG
050 4 _aHM24
_bW4.38
100 1 _aWeber, Max,
_d1864-1920
245 1 0 _aEnsayos sobre metodología sociológica /
_cMax Weber ; tr. José Luis Etcheverry.
260 _aBuenos Aires :
_bAmorrortu,
_c1973 (2001 impr.)
300 _a269 p.
440 0 _aBiblioteca de sociología
650 2 _aSociología
_xFilosofía
_98941
650 4 _aSociología
_xMetodología
_95759
905 _aLibro
999 _c19788
_d19788